[Event "Stay Safe Play From Home slow tournament"]
[Site "Emanuel Lasker Arena"]
[Date "2020.08.29"]
[Round "5"]
[White "Buff"]
[Black "Watchel"]
[Result "1-0"]
[WhiteElo "1764"]
[BlackElo "1788"]
[Annotator "NA"]
[PlyCount "101"]
[EventDate "2020.08.29"]
[EventType "swiss (rapid)"]

1. e4 {[%emt 0:00:16]} d5 {[%emt 0:00:19]} 2. exd5 {[%emt 0:00:03]} Qxd5 {[%emt 0:00:06]} 3. d4 {[%emt 0:00:01]} Nc6 {[%emt 0:00:02]} 4. Nf3 {[%emt 0:00:02]} e5 {[%emt 0:00:02]} 5. Nc3 {[%emt 0:01:09]} Bb4 {[%emt 0:00:04]} 6. a3 {[%emt 0:01:30]} Bxc3+ {[%emt 0:00:16]} 7. bxc3 {[%emt 0:00:00]} exd4 {[%emt 0:00:05]} 8. cxd4 {[%emt 0:00:17]} Bg4 {[%emt 0:00:02]} 9. Be2 {[%emt 0:00:04]} O-O-O {[%emt 0:00:12]} 10. c3 {[%emt 0:00:11]} Nf6 {[%emt 0:00:05]} 11. O-O {[%emt 0:00:05]} Rhe8 {[%emt 0:00:02]} 12. h3 {[%emt 0:00:57]} Bh5 {[%emt 0:00:07]} 13. Be3 {[%emt 0:00:22]} Ne4 {[%emt 0:00:28]} 14. Qc1 {[%emt 0:00:56]} h6 {[%emt 0:00:06]} 15. c4 {[%emt 0:00:32]} Qd7 {[%emt 0:00:22]} 16. d5 {[%emt 0:00:13]} Na5 {[%emt 0:00:19]} 17. Nd4 {[%emt 0:00:54]} Bxe2 {[%emt 0:00:06]} 18. Nxe2 {[%emt 0:00:00]} Nb3 {[%emt 0:00:02]} 19. Qb2 {[%emt 0:00:16]} Nxa1 {[%emt 0:00:05]} 20. Rxa1 {[%emt 0:00:12]} f6 {[%emt 0:00:16]} 21. Rb1 {[%emt 0:00:34]} b6 {[%emt 0:00:03]} 22. Nd4 {[%emt 0:00:02]} Nc5 {[%emt 0:00:12]} 23. Nc6 {[%emt 0:00:16]} Kb7 {[%emt 0:00:12]} 24. Nxd8+ {[%emt 0:00:28]} Qxd8 {[%emt 0:00:15]} 25. Bxc5 {[%emt 0:00:04]} Kc8 {[%emt 0:00:02]} 26. Be3 {[%emt 0:00:11]} Re4 {[%emt 0:00:07]} 27. Qb5 {[%emt 0:00:47]} Qe7 {[%emt 0:00:07]} 28. a4 {[%emt 0:00:17]} a5 {[%emt 0:00:09]} 29. Qa6+ {[%emt 0:00:47]} Kd7 {[%emt 0:00:02]} 30. Qb7 {[%emt 0:00:04]} Qa3 {[%emt 0:00:15]} 31. Bxb6 {[%emt 0:00:43]} Rxc4 {[%emt 0:00:05]} 32. Be3 {[%emt 0:01:17]} Qxa4 {[%emt 0:00:10]} 33. Qb5+ {[%emt 0:00:22]} Qxb5 {[%emt 0:00:17]} 34. Rxb5 {[%emt 0:00:00]} a4 {[%emt 0:00:07]} 35. Ra5 {[%emt 0:00:03]} Kd6 {[%emt 0:00:01]} 36. g3 {[%emt 0:00:20]} f5 {[%emt 0:00:11]} 37. Bf4+ {[%emt 0:00:05]} Kd7 {[%emt 0:00:05]} 38. Ra7 {[%emt 0:00:09]} Kd8 {[%emt 0:00:11]} 39. d6 {[%emt 0:00:12]} g5 {[%emt 0:00:04]} 40. dxc7+ {[%emt 0:00:04]} Kc8 {[%emt 0:00:03]} 41. Be5 {[%emt 0:00:05]} Rc5 {[%emt 0:00:06]} 42. Ra8+ {[%emt 0:00:06]} Kb7 {[%emt 0:00:02]} 43. c8=Q+ {[%emt 0:00:26]} Rxc8 {[%emt 0:00:11]} 44. Rxa4 {[%emt 0:00:01]} Rc1+ {[%emt 0:00:03]} 45. Kg2 {[%emt 0:00:01]} Rc5 {[%emt 0:00:01]} 46. Bg7 {[%emt 0:00:14]} h5 {[%emt 0:00:20]} 47. Rd4 {[%emt 0:00:26]} Kc6 {[%emt 0:00:04]} 48. Rd2 {[%emt 0:00:13]} g4 {[%emt 0:00:11]} 49. f3 {[%emt 0:00:15]} Rc3 {[%emt 0:00:08]} 50. Bxc3 {[%emt 0:00:08]} gxh3+ {[%emt 0:00:06]} 51. Kxh3 {[%emt 0:00:01] Watchel gibt auf Watchel gibt auf Watchel gibt auf (Lag: Av=0.56s, max=0.8s) (Lag: Av=0.56s, max=0.8s) (Lag: Av=0.56s, max=0.8s)} 1-0

[Event "Stay Safe Play From Home slow tournament"]
[Site "Emanuel Lasker Arena"]
[Date "2020.08.29"]
[Round "5"]
[White "MSteim67"]
[Black "Emine Yanik"]
[Result "0-1"]
[WhiteElo "1736"]
[BlackElo "1850"]
[Annotator "NA"]
[PlyCount "142"]
[EventDate "2020.08.29"]
[EventType "swiss (rapid)"]

1. d4 {[%emt 0:00:03]} d5 {[%emt 0:00:02]} 2. Nf3 {[%emt 0:00:03]} c6 {[%emt 0:00:01]} 3. e3 {[%emt 0:00:04]} Bf5 {[%emt 0:00:01]} 4. Bd3 {[%emt 0:00:05]} Bg6 {[%emt 0:00:04]} 5. O-O {[%emt 0:00:06]} Nf6 {[%emt 0:00:01]} 6. Ne5 {[%emt 0:00:18]} Bxd3 {[%emt 0:00:05]} 7. cxd3 {[%emt 0:00:04]} Nbd7 {[%emt 0:00:01]} 8. Nf3 {[%emt 0:00:06]} e6 {[%emt 0:00:04]} 9. Nc3 {[%emt 0:00:02]} Bd6 {[%emt 0:00:02]} 10. Re1 {[%emt 0:00:04]} c5 {[%emt 0:00:10]} 11. dxc5 {[%emt 0:00:08]} Bxc5 {[%emt 0:00:01]} 12. d4 {[%emt 0:00:01]} Bd6 {[%emt 0:00:02]} 13. e4 {[%emt 0:00:12]} dxe4 {[%emt 0:00:02]} 14. Nxe4 {[%emt 0:00:04]} Nxe4 {[%emt 0:00:01]} 15. Rxe4 {[%emt 0:00:03]} Nf6 {[%emt 0:00:00]} 16. Re1 {[%emt 0:00:06]} O-O {[%emt 0:00:05]} 17. Be3 {[%emt 0:00:07]} Nd5 {[%emt 0:00:07]} 18. Rc1 {[%emt 0:00:25]} Qb6 {[%emt 0:00:12]} 19. b3 {[%emt 0:00:19]} Rac8 {[%emt 0:00:13]} 20. Ne5 {[%emt 0:00:04]} Nxe3 {[%emt 0:00:25]} 21. fxe3 {[%emt 0:00:34]} Bxe5 {[%emt 0:00:05]} 22. dxe5 {[%emt 0:00:18]} Rxc1 {[%emt 0:00:04]} 23. Qxc1 {[%emt 0:00:04]} Qa5 {[%emt 0:00:01]} 24. a3 {[%emt 0:00:08]} Qxe5 {[%emt 0:00:04]} 25. h3 {[%emt 0:00:24]} Rd8 {[%emt 0:00:04]} 26. b4 {[%emt 0:00:33]} Qd5 {[%emt 0:00:14]} 27. Qc7 {[%emt 0:00:12]} Qd2 {[%emt 0:00:09]} 28. Kf1 {[%emt 0:00:12]} Qd5 {[%emt 0:00:29]} 29. Rc1 {[%emt 0:00:12]} h6 {[%emt 0:00:03]} 30. Qc5 {[%emt 0:00:53]} Qxc5 {[%emt 0:00:14]} 31. Rxc5 {[%emt 0:00:12]} Rd3 {[%emt 0:00:01]} 32. Rc7 {[%emt 0:00:08]} Rxe3 {[%emt 0:00:06]} 33. Rxb7 {[%emt 0:00:08]} Rxa3 {[%emt 0:00:01]} 34. Rb8+ {[%emt 0:00:11]} Kh7 {[%emt 0:00:02]} 35. Rb7 {[%emt 0:00:02]} Kg6 {[%emt 0:00:04]} 36. Rb5 {[%emt 0:00:11]} Rb3 {[%emt 0:00:04]} 37. Rb7 {[%emt 0:00:14]} a5 {[%emt 0:00:04]} 38. b5 {[%emt 0:00:37]} a4 {[%emt 0:00:02]} 39. b6 {[%emt 0:00:01]} a3 {[%emt 0:00:01]} 40. Ra7 {[%emt 0:00:04]} Rb1+ {[%emt 0:00:04]} 41. Kf2 {[%emt 0:00:04]} Rb2+ {[%emt 0:00:00]} 42. Kg1 {[%emt 0:00:05]} a2 {[%emt 0:00:01]} 43. Kh2 {[%emt 0:00:07]} a1=Q {[%emt 0:00:09]} 44. Rxa1 {[%emt 0:00:04]} Rxb6 {[%emt 0:00:01]} 45. Ra5 {[%emt 0:00:05]} f5 {[%emt 0:00:04]} 46. Kg3 {[%emt 0:00:11]} Kf6 {[%emt 0:00:04]} 47. Kf4 {[%emt 0:00:19]} g5+ {[%emt 0:00:02]} 48. Kg3 {[%emt 0:00:07]} h5 {[%emt 0:00:04]} 49. Kh2 {[%emt 0:00:22]} f4 {[%emt 0:00:03]} 50. Ra3 {[%emt 0:00:15]} e5 {[%emt 0:00:02]} 51. Ra4 {[%emt 0:00:04]} Rb5 {[%emt 0:00:03]} 52. Rc4 {[%emt 0:00:04]} Kf5 {[%emt 0:00:01]} 53. Ra4 {[%emt 0:00:03]} e4 {[%emt 0:00:01]} 54. Ra2 {[%emt 0:00:20]} e3 {[%emt 0:00:04]} 55. Re2 {[%emt 0:00:11]} Ke4 {[%emt 0:00:02]} 56. Re1 {[%emt 0:00:15]} Rb2 {[%emt 0:00:05]} 57. Kg1 {[%emt 0:00:03]} Kd3 {[%emt 0:00:02]} 58. Kf1 {[%emt 0:00:03]} g4 {[%emt 0:00:04]} 59. hxg4 {[%emt 0:00:14]} hxg4 {[%emt 0:00:01]} 60. Rd1+ {[%emt 0:00:05]} Rd2 {[%emt 0:00:15]} 61. Re1 {[%emt 0:00:01]} Rf2+ {[%emt 0:00:03]} 62. Kg1 {[%emt 0:00:08]} f3 {[%emt 0:00:05]} 63. gxf3 {[%emt 0:00:22]} gxf3 {[%emt 0:00:02]} 64. Ra1 {[%emt 0:00:16]} Rc2 {[%emt 0:00:03]} 65. Rd1+ {[%emt 0:00:12]} Rd2 {[%emt 0:00:01]} 66. Ra1 {[%emt 0:00:15]} Ke2 {[%emt 0:00:12]} 67. Rf1 {[%emt 0:00:28]} Rd1 {[%emt 0:00:07]} 68. Rxd1 {[%emt 0:00:44]} Kxd1 {[%emt 0:00:04]} 69. Kf1 {[%emt 0:00:04]} e2+ {[%emt 0:00:01]} 70. Kf2 {[%emt 0:00:04]} e1=Q+ {[%emt 0:00:00]} 71. Kxf3 {[%emt 0:00:07]} Kd2 {[%emt 0:00:01]} 0-1

[Event "Stay Safe Play From Home slow tournament"]
[Site "Emanuel Lasker Arena"]
[Date "2020.08.29"]
[Round "5"]
[White "Amitm55"]
[Black "Inter_slo"]
[Result "0-1"]
[WhiteElo "1706"]
[BlackElo "1873"]
[Annotator "NA"]
[PlyCount "24"]
[EventDate "2020.08.29"]
[EventType "swiss (rapid)"]

1. e4 {[%emt 0:02:01]} c5 {[%emt 0:00:38]} 2. Nc3 {[%emt 0:00:07]} e6 {[%emt 0:00:16]} 3. d4 {[%emt 0:00:45]} Qc7 {[%emt 0:00:14]} 4. Nb5 {[%emt 0:01:42]} Qb6 {[%emt 0:00:16]} 5. dxc5 {[%emt 0:00:11]} Bxc5 {[%emt 0:00:05]} 6. Qe2 {[%emt 0:00:24]} a6 {[%emt 0:00:12]} 7. Nc3 {[%emt 0:00:03]} Qc7 {[%emt 0:00:12]} 8. Nf3 {[%emt 0:00:04]} d6 {[%emt 0:00:14]} 9. a3 {[%emt 0:00:18]} b5 {[%emt 0:00:13]} 10. b4 {[%emt 0:00:03]} Bxf2+ {[%emt 0:00:16]} 11. Qxf2 {[%emt 0:01:02]} Qxc3+ {[%emt 0:00:08]} 12. Nd2 {[%emt 0:00:27]} Qxa1 {[%emt 0:00:13] Amitm55 resigns Amitm55 resigns Amitm55 resigns} 0-1

[Event "Stay Safe Play From Home slow tournament"]
[Site "Emanuel Lasker Arena"]
[Date "2020.08.29"]
[Round "5"]
[White "W Nelles"]
[Black "Marcus Wolters"]
[Result "1/2-1/2"]
[WhiteElo "1609"]
[BlackElo "1749"]
[Annotator "NA RC"]
[PlyCount "121"]
[EventDate "2020.08.29"]
[EventType "swiss (rapid)"]

1. e4 {[%emt 0:00:07]} c6 {[%emt 0:00:04]} 2. Nf3 {[%emt 0:00:03]} d5 {[%emt 0:00:07]} 3. e5 {[%emt 0:00:04]} Bg4 {[%emt 0:00:02]} 4. d4 {[%emt 0:00:02]} e6 {[%emt 0:00:07]} 5. h3 {[%emt 0:00:02]} Bh5 {[%emt 0:00:04]} 6. Bd3 {[%emt 0:00:10]} Bb4+ {[%emt 0:00:16]} 7. Bd2 {[%emt 0:00:05]} Qb6 {[%emt 0:00:16]} 8. c3 {[%emt 0:00:07]} Be7 {[%emt 0:00:08]} 9. Qb3 {[%emt 0:00:15]} Nd7 {[%emt 0:00:16]} 10. g4 {[%emt 0:00:11]} Bg6 {[%emt 0:00:07]} 11. Bxg6 {[%emt 0:00:08]} hxg6 {[%emt 0:00:02]} 12. Be3 {[%emt 0:00:51]} O-O-O {[%emt 0:00:24]} 13. Nbd2 {[%emt 0:00:21]} f6 {[%emt 0:00:50]} 14. Qxb6 {[%emt 0:00:21]} Nxb6 {[%emt 0:00:07]} 15. b3 {[%emt 0:00:02]} f5 {[%emt 0:00:27]} 16. g5 {[%emt 0:00:18]} Ba3 {[%emt 0:00:31]} 17. Rb1 {[%emt 0:00:14]} Be7 {[%emt 0:00:45]} 18. Nf1 {[%emt 0:00:20]} Nd7 {[%emt 0:00:41]} 19. Bf4 {[%emt 0:00:30]} c5 {[%emt 0:00:12]} 20. N1d2 {[%emt 0:00:33]} Kb8 {[%emt 0:00:17]} 21. Ke2 {[%emt 0:00:39]} Rc8 {[%emt 0:00:10]} 22. h4 {[%emt 0:01:09]} Nb6 {[%emt 0:01:07]} 23. Rhc1 {[%emt 0:00:30]} c4 {[%emt 0:00:15]} 24. b4 {[%emt 0:00:34]} Na4 {[%emt 0:00:17]} 25. Rc2 {[%emt 0:00:19]} b5 {[%emt 0:00:52]} 26. a3 {[%emt 0:00:39]} Bd8 {[%emt 0:00:05]} 27. Nf1 {[%emt 0:00:15]} Ne7 {[%emt 0:00:13]} 28. Ne3 {[%emt 0:00:07]} Rc7 {[%emt 0:00:15]} 29. Nd1 {[%emt 0:00:03]} Rb7 {[%emt 0:00:11]} 30. Nb2 {[%emt 0:00:02]} a5 {[%emt 0:01:01]} 31. Nxa4 {[%emt 0:00:11]} bxa4 {[%emt 0:00:02]} 32. b5 {[%emt 0:00:08]} Nc8 {[%emt 0:00:51]} 33. Rcb2 {[%emt 0:00:26]} Na7 {[%emt 0:00:13]} 34. Ke3 {[%emt 0:00:28]} Ka8 {[%emt 0:00:05]} 35. Bg3 {[%emt 0:00:24]} Be7 {[%emt 0:00:11]} 36. Ne1 {[%emt 0:00:34]} Rhb8 {[%emt 0:00:10]} 37. Nc2 {[%emt 0:00:07]} Nxb5 {[%emt 0:00:15]} 38. Kd2 {[%emt 0:00:11]} Nxa3 {[%emt 0:00:14]} 39. Nxa3 {[%emt 0:00:25]} Bxa3 {[%emt 0:00:08]} 40. Rxb7 {[%emt 0:00:04]} Rxb7 {[%emt 0:00:03]} 41. Rxb7 {[%emt 0:00:03]} Kxb7 {[%emt 0:00:01]} 42. Kc2 {[%emt 0:00:01]} Be7 {[%emt 0:00:20]} 43. Bf4 {[%emt 0:00:03]} a3 {[%emt 0:00:17]} 44. Kb1 {[%emt 0:00:02]} a4 {[%emt 0:00:08]} 45. Ka2 {[%emt 0:00:03]} Ka6 {[%emt 0:00:10]} 46. Bc1 {[%emt 0:00:03]} Ka5 {[%emt 0:00:50]} 47. f4 {[%emt 0:00:13]} Kb5 {[%emt 0:00:36]} 48. Bd2 {[%emt 0:00:13]} Bd8 {[%emt 0:00:08]} 49. Kxa3 {[%emt 0:00:18]} Ba5 {[%emt 0:00:01]} 50. Ka2 {[%emt 0:00:09]} Kc6 {[%emt 0:00:16]} 51. Ka3 {[%emt 0:00:02]} Kb5 {[%emt 0:00:06]} 52. Be1 {[%emt 0:00:03]} Bb6 {[%emt 0:00:28]} 53. Bd2 {[%emt 0:00:06]} Bc7 {[%emt 0:01:13]} 54. Be1 {[%emt 0:00:09]} Ba5 {[%emt 0:00:49]} 55. Bd2 {[%emt 0:00:20]} Bd8 {[%emt 0:00:04]} 56. Be1 {[%emt 0:00:08]} Be7+ {[%emt 0:00:01]} 57. Ka2 {[%emt 0:00:16]} a3 {[%emt 0:00:01]} 58. Bd2 {[%emt 0:00:03]} Ka4 {[%emt 0:00:04]} 59. Be1 {[%emt 0:00:12]} Bd8 {[%emt 0:00:03]} 60. Bd2 {[%emt 0:00:04]} Bb6 {[%emt 0:00:01]} 61. Be1 {[%emt 0:00:02] Marcus Wolters bietet Remis Marcus Wolters bietet Remis Marcus Wolters bietet Remis (Lag: Av=0.86s, max=1.3s) (Lag: Av=0.86s, max=1.3s) (Lag: Av=0.86s, max=1.3s)} 1/2-1/2